Statistics for Generator Puzzle #30

Click here to take the quiz!

General Stats

  • This quiz has been taken 705 times
  • The average score is 13 of 21

Answer Stats

HintAnswer% Correct
Murder, fraud etcCrime
92%
FilmMovie
89%
Neither cold nor hotWarm
86%
To cut grassMow
85%
Ship's teamCrew
84%
AboveOver
80%
Use oars; argumentRow
74%
Underground chamberCave
72%
Strongly desireCrave
71%
Soprano, tenor etcVoice
66%
Scenic sightView
65%
Crouch in fearCower
63%
Metallic threadWire
63%
To cut meatCarve
62%
Used a loomWove
58%
Spray attackers with thisMace
57%
Ruler of KuwaitEmir
45%
Bishop's deputyVicar
40%
Give up one's rightWaive
39%
"City of 1000 minarets"Cairo
26%
9-letter wordMICROWAVE
19%

Score Distribution

Percentile by Number Answered

Percent of People with Each Score

Your Score History

You have not taken this quiz